City by 2023 News and Events - Statistics

General Stats
  • This quiz has been taken 28 times
  • The average score is 8 of 20
Answer Stats
News City % Correct
On the 4th of April, Finland, whose capital city is ________, joins NATO Helsinki
100%
On January 1st, Croatia, whose capital city is ______, joins the Eurozone and the Schengen Area. Zagreb
100%
On October 7th, Hamas launches an incursion of southern Israel from ____, starting a new war in the area. Gaza
71%
The deadliest mass shooting in the Czech Republic's history occurs at a the university in ______, with 15 killed and 25 others wounded on the 21st of December Prague
71%
Several earthquakes occur in Turkey and Syria on February 6th, with the epicenter of the first one located west of the Turkish city of ________ Gaziantep
58%
On June 23rd, the city of ______-__-___ is seized by the Wagner Group, led by Yevgeny Prigozhin, who have begun to march towards Moscow after a period of increasing tension with the Russian Ministry of Defence. Rostov-on-Don
58%
The final of the 67th edition of the Eurovision Song Contest is held in _________ on the 13th of May and is won by Loreen from Sweden, who had previously won the contest in 2012. Liverpool
42%
An earthquake occurs in Morocco on the 8th of September, southwest of _________. Many countries offer support, but only that of Spain, the United Kingdom, Qatar and the UAE is accepted officially. Marrakesh
42%
At the 18th G20 summit in ___ _____, held on the 9th of September, the African Union is announced as the 21st permanent member of the G20. New Delhi
42%
The final match of the 2023 FIFA Women's World Cup is played in ______ on the 20th of August, resulting in a Spanish victory against England, but controversy sparks about the Royal Spanish Football Federation President forcibily kissing one of the Spanish footballers. Sydney
42%
On the 12th of December, at the COP28 climate summit in _____, a consensus is reached for countries to transition away from fossil fuels, the first such agreement in the conference's 30-year history, but the summit had some controversies, mostly related to the countries in the part of the world it was held in. Dubai
33%
On the 26th of November, the Junior Eurovision Song Contest was held in ____ and was won by host country France. Nice
33%
Australia defeats India in the final match of the 2023 Cricket World Cup, held at Narendra Modi Stadium, _________ on November 19th. Ahmedabad
29%
On May 3rd, a school shooting occurs in _______, and, after two more mass murders, large protests against the government of the country begin. Belgrade
29%
The 2023 World Athletics Championships started on the 19th of August, hosted in ________, with the USA being the country whose athletes won the most medals. Budapest
25%
July 24th marked 100 years since the signing of the Treaty of ________, which was a peace treaty between the Ottomans and other countries after World War I. The treaty was necessary after the Treaty of Sèvres failed to be ratified and the Turkish National Movement reclaimed some territories. Lausanne
17%
After decades of tension and several conflicts between Armenia and Azerbaijan over Nagorno-Karabakh, a new Azerbaijani offfensive that starts on September 19th, retakes the area, including the largest city and former capital of the republic of Artsakh, _________. Stepanakert / Khankendi
17%
On the 10th of September, 42 new sites became UNESCO World Heritage Sites, including the Maison Carrée of _____, which is a well-preserved Roman temple. Nîmes
13%
Another of the sites that was included as a World Heritage Site was: The Cosmological Axis of __________ and its Historic Landmarks. This city is the capital of a special region of its country, still ruled by a monarch, while most of the country isn't. Yogyakarta
13%
On the 6th of June, the ____ ________ dam is destroyed in the midst of the ongoing Russian invasion of Ukraine. Nova Kakhovka
8%
No matching quizzes found
Score Distribution
Percent of People with Each Score
Percentile by Number Answered
Your Score History
You have not taken this quiz